00728nam a2200229Ia 4500003000400000005001700004008004100021020001700062040000700079041000800086082002200094100002400116245004700140250000700187260005000194300001800244365001300262906005100275942001200326999001900338952014100357OSt20230410164431.0210423s2009 xx 000 0 und d a978817194486 cAL aeng a657.46 223bDATV aDATEY (V S).985733 aTaxmanns indirect taxes: law and practice. a23 aNew DelhibTaxmann Publications Pvt Ltdc2009 aI-107,838bPB b475cINR aindirect ; law ; practice. ; taxes: ; Taxmanns 2ddccBK c157127d157127 001040708MCOMaSACPGbSACPGd2009-09-25eHigginbothams Pvt Ltdg475.00l0o657.46 DATVpPG003603r2022-08-24 00:00:00w2021-04-26yBK